000 00276nam a2200085Ia 4500
008 220204s9999 xx 000 0 und d
245 0 _aHow to evaluate trade credit requests: A guide for bankers and the scorecard: A risk analysis tool
260 _aGeneva
_bITC
_c1999
942 _cBK
999 _c43900
_d43900